Agri-Tourism (Record no. 17281)

MARC details
000 -LEADER
fixed length control field 00358nam a22001337a 4500
008 - FIXED-LENGTH DATA ELEMENTS--GENERAL INFORMATION
fixed length control field 181015b xxu||||| |||| 00| 0 eng d
020 ## - INTERNATIONAL STANDARD BOOK NUMBER
International Standard Book Number 8184110170
050 ## - LIBRARY OF CONGRESS CALL NUMBER
Classification number S565.88
Item number .A37 2006 c.1
245 ## - TITLE STATEMENT
Title Agri-Tourism
Statement of responsibility, etc. Edited by Romila Chawla
260 ## - PUBLICATION, DISTRIBUTION, ETC. (IMPRINT)
Place of publication, distribution, etc. New Delhi
Name of publisher, distributor, etc. Sonali Publications
Date of publication, distribution, etc. 2006
300 ## - PHYSICAL DESCRIPTION
Extent 262p.
650 ## - SUBJECT ADDED ENTRY--TOPICAL TERM
Topical term or geographic name as entry element Agri-tourism
942 ## - ADDED ENTRY ELEMENTS (KOHA)
Source of classification or shelving scheme Library of Congress Classification
Koha item type General Collection
Holdings
Withdrawn status Lost status Source of classification or shelving scheme Not for loan Home library Current library Date acquired Cost, normal purchase price Total Checkouts Full call number Barcode Date last seen Price effective from Koha item type
    Library of Congress Classification   Kabarak, Main Campus Kabarak, Main Campus 15/10/2018 2784.00   S565.88 .A37 2006 c.1 027511 15/10/2018 15/10/2018 General Collection
    Library of Congress Classification   Kabarak, Main Campus Kabarak, Main Campus 15/10/2018 2784.00   S565.88 .A37 2006 c.2 027509 15/10/2018 15/10/2018 General Collection
    Library of Congress Classification   Kabarak, Main Campus Kabarak, Main Campus 15/10/2018 2784.00   S565.88 .A37 2006 c.3 023981 18/11/2019 15/10/2018 General Collection
Designed with assistance from East African Informatics Ltd